书目信息 |
| 题名: |
社会主义发展简史
|
|
| 作者: | ;本书编写组 编 | |
| 分册: | ||
| 出版信息: | 北京 人民出版社 2021.09 |
|
| 页数: | 330页, [8] 叶图版 | |
| 开本: | 21cm | |
| 丛书名: | ||
| 单 册: | ||
| 中图分类: | D091.6 | |
| 科图分类: | ||
| 主题词: | 社会主义--she hui zhu yi--发展史--中国 | |
| 电子资源: | ||
| ISBN: | 978-7-5147-1074-8 | |
| 000 | 01093nam0 2200229 450 | |
| 001 | 011025152715 | |
| 005 | 20221025152715.0 | |
| 010 | @a978-7-5147-1074-8@dCNY30.00 | |
| 099 | @aCAL 012021101782 | |
| 100 | @a20201004d2021 em y0chiy50 ea | |
| 101 | 0 | @achi |
| 102 | @aCN@b110000 | |
| 105 | @aaf z 000yy | |
| 106 | @ar | |
| 200 | 1 | @a社会主义发展简史@Ashe hui zhu yi fa zhan jian shi@f本书编写组编 |
| 210 | @a北京@c人民出版社@c学习出版社@d2021.09 | |
| 215 | @a330页, [8] 叶图版@c图 (部分彩图)@d21cm | |
| 330 | @a全书从空想社会主义的产生和发展、科学社会主义的创立及其实践、世界社会主义的曲折与奋起、中国特色社会主义开辟社会主义新纪元、中国特色社会主义进入新时代等方面对社会主义500多年的发展历程作了比较系统准确地论述,文风朴实、图文并茂,有助于读者清晰了解世界社会主义的发展脉络。本书是深化“四史”学习教育的重要权威辅助读物,必将推动广大干部群众坚定“四个自信”,形成历史自觉,更好凝聚起奋进新时代新征程的强大力量。 | |
| 606 | 0 | @a社会主义@Ashe hui zhu yi@x发展史@y中国 |
| 690 | @aD091.6@v5 | |
| 711 | 02 | @a本书编写组@Aben shu bian xie zu@4编 |
| 905 | @a河南城建学院图书馆@dD091.6@e1 | |
| 社会主义发展简史/本书编写组编.-北京:人民出版社:学习出版社,2021.09 |
| 330页, [8] 叶图版:图 (部分彩图);21cm |
| ISBN 978-7-5147-1074-8:CNY30.00 |
| 全书从空想社会主义的产生和发展、科学社会主义的创立及其实践、世界社会主义的曲折与奋起、中国特色社会主义开辟社会主义新纪元、中国特色社会主义进入新时代等方面对社会主义500多年的发展历程作了比较系统准确地论述,文风朴实、图文并茂,有助于读者清晰了解世界社会主义的发展脉络。本书是深化“四史”学习教育的重要权威辅助读物,必将推动广大干部群众坚定“四个自信”,形成历史自觉,更好凝聚起奋进新时代新征程的强大力量。 |
| ● |
| 相关链接 |
|
|
|
正题名:社会主义发展简史
索取号:D091.6/1
 
预约/预借
| 序号 | 登录号 | 条形码 | 馆藏地/架位号 | 状态 | 备注 |
| 1 | 1585385 | 215853850 | 社科库509/509社科库 68排3列4层/ [索取号:D091.6/1] | 在馆 | |
| 2 | 1585386 | 215853869 | 社科库509/509社科库 68排3列4层/ [索取号:D091.6/1] | 在馆 |